Statistiques concernant Personnages de Mario Kart DS

Cliquez ici pour prendre le quiz!

Statistiques générales

  • Ce quiz a été pris 211 fois
  • Le résultat moyen est 12 sur 13

Statistiques - réponses

Personnages% Correct
Luigi
100%
Mario
100%
Bowser
99%
Peach
99%
Daisy
97%
Waluigi
95%
Yoshi
95%
Wario
94%
Toad
92%
Donkey Kong
91%
Skelerex
80%
R.O.B.
71%
Maskass
69%

Distribution des résultats

Percentile par nombre de réponses

% des personnes avec chaque résultat

Votre développement - résultats

Vous n’avez pas pris ce quiz